1756 1722 1316 1233 1136 1969 1587 1507 1856 1264 1681 1393 1936 1448 1589 1212 1254 1179 1593 1949 1510 1431 1148 1825 1942 1117 1144 1703 1049 1297 1162 1982 1443 1987 1574 1765 1852 1180 1133 1002 1094 1697 1632 1319 1550 1319 1125 1128 1462 1605 1048 1120 1565 1900 1305 1772 1022 1638 1869 1335 1573 1131 1955 1267 1374 1453 1241 1323 1873 1503 1125 1578 1744 1803 1172 1031 1792 1444 1422 1163 1583 1218 1188 1630 1765 1240 1409 1037 1032 1766 1978 1951 1960 1515 1106 1176 1294 1514 1938 BCNSPRNW ULIB Ver.6.0+V

เปลี่ยนเป็นภาษาไทย

Change to English
 แสดงรายละเอียดบรรณานุกรม
  กลับหน้าหลัก

Brief Record : Get Marc (ISO 2709) : E-mail record : QR code < ปิดหน้าต่าง
LEADER : 00000nam 2200000uu 4500
001    13399111692
003     ULIB
008    110706s2554||||th 000 0 tha d
020    9786165082327
090    นว.^bอ772ต
100 0  อีริน ยอร์ก
245 00  ตราบสิ้นกาลนิรันดร์/^cอีริน ยอร์ก, เขียน แปลโดย บุญญรัตน์
260    กรุงเทพฯ :^bแสงดาว,^c2554
300    414 หน้า
710     บุญญรัตน์, ผู้แปล
945    ^p300^l0^i18285
995     เกษร
999    ^aใช้งานได้ทุกระบบ
รายการนี้ยังไม่มีแท็ก
คุณยังไม่ได้ล็อกอิน คุณสามารถมีกิจกรรมร่วมกับเว็บไซต์ได้ แต่ต้องล็อกอินก่อน ::
  ล็อกอิน

รายการสื่อสารสนเทศ

ลำดับที่ ประเภท เลขเรียก/บาร์โค้ด สถานที่ สถานะ
1. วิทยาศาสตร์การแพทย์ และสุขภาพ
วิทยาศาสตร์การแพทย์ และสุขภาพ
นว. อ772ต  
  Barcode: 18285
ห้องสมุดวิทยาเขตสวรรค์ประชารักษ์
►นวนิยาย
บนชั้น
  ขอยืม

BibComment


ยังไม่เคยถูกคอมเมนท์

คอมเมนท์ทรัพยากรรายการนี้
  คอมเมนท์: ตราบสิ้นกาลนิรัน..


 Copyright 2026. Bcnsprnw @Library